[Event "Titled Tuesday intern op 20th May Late"]
[Site "Chess.com INT"]
[Date "2025.05.20"]
[Round "7"]
[White "Shafer, Logan Clark"]
[Black "May Sanchez, Andres Elias"]
[Result "0-1"]
[WhiteElo "2291"]
[BlackElo "2209"]
[PlyCount "48"]
[EventDate "2025.05.20"]
[EventType "swiss (blitz)"]
[EventRounds "11"]
[EventCountry "USA"]
[SourceTitle "CB22_2025"]
[SourceDate "2025.05.28"]
[SourceVersion "1"]
[SourceVersionDate "2025.05.28"]
[SourceQuality "1"]

1. d4 Nf6 2. c4 c5 3. d5 d6 4. Nc3 g6 5. e4 Bg7 6. Be3 0-0 7. f3 e6 8. Bd3 exd5 9. cxd5 Nh5 10. Nge2 f5 11. 0-0 f4 12. Bf2 Nd7 13. g3 Ne5 14. Kg2 Nxf3 15. Kxf3 fxg3+ 16. Kg2 gxf2 17. Rxf2 Rxf2+ 18. Kxf2 Qh4+ 19. Kg2 Bh3+ 20. Kg1 Qg4+ 21. Ng3 Bd4+ 22. Kh1 Nxg3+ 23. hxg3 Qxg3 24. Qe2 Rf8 0-1

[Event "North American-ch UNN"]
[Site "Dulles"]
[Date "2024.12.18"]
[Round "2"]
[White "May Sanchez, Andres Elias"]
[Black "Zheng, Richard"]
[Result "1/2-1/2"]
[WhiteElo "2177"]
[BlackElo "2316"]
[PlyCount "79"]
[EventDate "2024.12.18"]
[EventType "swiss"]
[EventRounds "9"]
[EventCountry "USA"]
[SourceTitle "CB02_2025"]
[SourceDate "2025.01.08"]
[SourceVersion "1"]
[SourceVersionDate "2025.01.08"]
[SourceQuality "1"]

1. e4 c6 2. Nc3 d5 3. Nf3 Bg4 4. Be2 e6 5. d4 Nf6 6. e5 Nfd7 7. Ng5 Bxe2 8. Qxe2 Qe7 9. 0-0 h6 10. Qh5 a6 11. f4 g6 12. Qh3 Bg7 13. Nf3 c5 14. Ne2 Nc6 15. c3 cxd4 16. Nexd4 Nc5 17. Be3 Ne4 18. Rae1 Na5 19. Nd2 Nxd2 20. Bxd2 Nc4 21. Bc1 0-0-0 22. b3 Na5 23. a4 Kb8 24. b4 Nc4 25. a5 Rc8 26. Qd3 Qc7 27. Kh1 h5 28. h4 Bf8 29. Rf2 Be7 30. g3 Qd7 31. Ra2 Rc7 32. Kg2 Rhc8 33. Kh2 Qd8 34. Kg2 Qd7 35. Kh2 Qe8 36. Kg2 Qd8 37. Ra1 Ka8 38. Ra2 Qd7 39. Kh2 Kb8 40. Kg2 1/2-1/2

[Event "Mexico City Revolucion op"]
[Site "Mexico City"]
[Date "2024.11.16"]
[Round "5"]
[White "Guzman Garcia, Mia Fernanda"]
[Black "May Sanchez, Andres Elias"]
[Result "0-1"]
[WhiteElo "1772"]
[BlackElo "2142"]
[PlyCount "134"]
[EventDate "2024.11.13"]
[EventType "swiss"]
[EventRounds "9"]
[EventCountry "MEX"]
[SourceTitle "CB47_2024"]
[SourceDate "2024.11.20"]
[SourceVersion "1"]
[SourceVersionDate "2024.11.20"]
[SourceQuality "1"]

1. e4 e5 2. Nf3 Nc6 3. Bb5 Nge7 4. d3 g6 5. c3 Bg7 6. 0-0 0-0 7. Re1 h6 8. d4 exd4 9. cxd4 d5 10. exd5 Nb4 11. a3 Nbxd5 12. h3 c6 13. Bc4 Be6 14. Ba2 Qc7 15. Nc3 Rad8 16. Qe2 Kh7 17. Be3 Nf5 18. Rad1 Rfe8 19. Nxd5 Bxd5 20. Bxd5 Rxd5 21. Qc4 Qd7 22. Qa4 a6 23. Kf1 Rd8 24. Qb3 c5 25. g4 Nxd4 26. Bxd4 cxd4 27. Rd3 h5 28. Nh2 Be5 29. Nf3 Bg7 30. Nh2 Rb5 31. Qc2 Qd5 32. Kg1 Rd7 33. Re2 Rc5 34. Qd2 Bh6 35. f4 Qc6 36. g5 Rc1+ 37. Nf1 Bg7 38. Rg3 Rc7 39. Rd3 Rxf1+ 40. Kxf1 Qh1+ 41. Kf2 Rc1 42. Re1 Qh2+ 43. Kf1 Qh1+ 44. Kf2 Rxe1 45. Qxe1 Qh2+ 46. Kf3 Qxh3+ 47. Ke2 Qg4+ 48. Rf3 d3+ 49. Ke3 Bd4+ 50. Kxd3 Qxf3+ 51. Kxd4 Qxf4+ 52. Kd3 Qxg5 53. Qe2 Qb5+ 54. Ke3 Qxe2+ 55. Kxe2 g5 56. Kf3 Kg6 57. Kg3 h4+ 58. Kg4 f5+ 59. Kh3 Kh5 60. Kg2 Kg4 61. Kh2 h3 62. Kh1 Kg3 63. Kg1 h2+ 64. Kh1 f4 65. b4 f3 66. a4 f2 67. a5 f1R# 0-1

[Event "Mexico City Revolucion op"]
[Site "Mexico City"]
[Date "2024.11.13"]
[Round "1"]
[White "Kibrit Arakanchi, Teofilo"]
[Black "May Sanchez, Andres Elias"]
[Result "0-1"]
[WhiteElo "1749"]
[BlackElo "2142"]
[PlyCount "66"]
[EventDate "2024.11.13"]
[EventType "swiss"]
[EventRounds "9"]
[EventCountry "MEX"]
[SourceTitle "CB47_2024"]
[SourceDate "2024.11.20"]
[SourceVersion "1"]
[SourceVersionDate "2024.11.20"]
[SourceQuality "1"]

1. e4 e5 2. Nf3 Nc6 3. Bb5 a6 4. Ba4 d6 5. Bxc6+ bxc6 6. d4 f6 7. Nc3 g6 8. Be3 Nh6 9. h3 Nf7 10. Qd2 Bg7 11. 0-0-0 0-0 12. h4 Bg4 13. Rdg1 exd4 14. Nxd4 Bd7 15. f4 Re8 16. g4 Qc8 17. f5 Ne5 18. Bh6 c5 19. Nde2 Nf3 20. Qd5+ Be6 21. fxe6 Bxh6+ 22. g5 c6 23. Qc4 Nxg1 24. Rxg1 fxg5 25. hxg5 Bxg5+ 26. Rxg5 Qxe6 27. Qd3 Rf8 28. Qg3 Rf1+ 29. Kd2 Raf8 30. Rg4 R1f3 31. Qh4 Qe5 32. Qh6 Rf2 33. Qe3 Rh2 0-1

[Event "Wch U18"]
[Site "Florianopolis"]
[Date "2024.11.03"]
[Round "6"]
[White "May Sanchez, Andres Elias"]
[Black "Chen, Yuan1"]
[Result "0-1"]
[WhiteElo "2142"]
[BlackElo "2355"]
[PlyCount "84"]
[EventDate "2024.10.29"]
[EventType "swiss"]
[EventRounds "11"]
[EventCountry "BRA"]
[SourceTitle "CB45_2024"]
[Source "ChessBase"]
[SourceDate "2024.11.06"]
[SourceVersion "1"]
[SourceVersionDate "2024.11.06"]
[SourceQuality "1"]

1. e4 e5 2. Nf3 Nf6 3. Nc3 Nc6 4. Bb5 Nd4 5. 0-0 Nxb5 6. Nxb5 d6 7. d4 exd4 8. Qxd4 a6 9. Nc3 Be7 10. Bg5 0-0 11. Rad1 h6 12. Bh4 Be6 13. a4 Re8 14. Rfe1 Rb8 15. Qd3 Bg4 16. Rd2 Bxf3 17. Qxf3 Nxe4 18. Nxe4 Bxh4 19. g3 Be7 20. Rde2 Qd7 21. Nc3 c6 22. Qe3 b5 23. axb5 axb5 24. Ne4 Bf8 25. Nf6+ gxf6 26. Qxe8 Rxe8 27. Rxe8 Kg7 28. Ra8 Be7 29. h4 h5 30. Rea1 d5 31. R1a7 Qd6 32. Re8 Bd8 33. Ra8 Bb6 34. Rg8+ Kh7 35. Rh8+ Kg6 36. Rag8+ Kf5 37. Rxh5+ Ke6 38. Rhh8 Kd7 39. Re8 Qxg3+ 40. Kh1 Qf3+ 41. Kh2 Qxf2+ 42. Kh3 Bc7 0-1

[Event "Pan American-ch U18 34th"]
[Site "Orlando"]
[Date "2024.07.16"]
[Round "2"]
[White "Luo, Terry"]
[Black "May Sanchez, Andres Elias"]
[Result "1-0"]
[WhiteElo "2316"]
[BlackElo "2059"]
[PlyCount "73"]
[EventDate "2024.07.15"]
[EventType "swiss"]
[EventRounds "9"]
[EventCountry "USA"]
[SourceTitle "EXT 2025"]
[Source "ChessBase"]
[SourceDate "2024.10.14"]
[SourceVersion "1"]
[SourceVersionDate "2024.10.14"]
[SourceQuality "1"]

1. d4 Nf6 2. c4 c5 3. d5 g6 4. Nc3 Bg7 5. Nf3 d6 6. h3 0-0 7. e4 e6 8. Bd3 exd5 9. exd5 Re8+ 10. Be3 Rxe3+ 11. fxe3 Qe7 12. 0-0 Nbd7 13. Qd2 Nh5 14. g4 Ng3 15. Rf2 h5 16. Kg2 h4 17. Ne2 Ne4 18. Bxe4 Qxe4 19. Nc3 Qxc4 20. Ng5 Ne5 21. Raf1 f5 22. gxf5 gxf5 23. Ne6 Bxe6 24. dxe6 Qxe6 25. Qd5 Re8 26. b3 c4 27. Rxf5 Nd3 28. bxc4 Qxd5+ 29. Nxd5 Re4 30. Kf3 Rxc4 31. Ne7+ Kh7 32. Rh5+ Bh6 33. Ke2 Ne5 34. Nf5 Nf7 35. Nxh6 Kg6 36. Nxf7 Kxh5 37. Rf6 1-0